Statistiken für Top 15 der betroffenen Covid-19-Länder - 10. August

Klicken Sie hier um das Quiz zu spielen!

Allgemein

  • Dieses Quiz wurde 14 mal gespielt
  • Das Durchschnittsergebnis liegt bei 12 aus 25

Antwortstatistiken

Land% Korrekt
Vereinigte Staaten
100%
Russland
93%
Brasilien
86%
Indien
79%
Peru
71%
Spanien
71%
Kolumbien
64%
Mexiko
64%
Vereinigtes Königreich
64%
Chile
50%
Chile
50%
Iran
50%
Südafrika
50%
Pakistan
43%
Bahrain
29%
Bangladesch
29%
Katar
29%
Kuwait
29%
Saudi-Arabien
29%
Schweden
29%
Armenien
21%
Panama
21%
Israel
14%
Oman
14%
Singapur
7%

Verteilung der Resultate

Perzentil nach korrekt beantworteten Fragen

Anzahl Personen mit jedem Resultat

Ihre Resultats-Entwicklung

Sie haben dieses Quiz noch nicht gespielt